000 00509cam a22002054a 4500
005 20250605164300.0
008 250528s ||||||||||||||||||||||||d
035 _a22023
020 _a9780321552112
040 _aGR-AtMCL
_bgre
_dGR-AtMCL
_eAACR2
245 1 _aFINANCIAL MARKETS AND INSTITUTIONS
250 _a6
260 _bPrentice Hall,
_c2009
300 _a675
700 1 _aEakins Stanley G
_97899
700 1 _aMishkin Frederic S
_97900
942 _cBK
999 _c7079
_d7079